Introduction to biomedical equipment technology / (رقم التسجيلة. 31615)

تفاصيل مارك
000 -الفاتح
حقل البيانات ثابتة الطول 01351cam a22003734a 4500
001 - رقم الضبط
رقم الضبط 11963986
003 - محدد رقم الضبط
رقم الضبط OSt
005 - وقت وتاريخ اخر تعامل مع التسجيلة
رقم الضبط 20150408114146.0
008 - عناصر البيانات ثابتة الطول - معلومات عامة
حقل البيانات ثابتة الطول 000404s2001 njua b 001 0 eng c
010 ## - رقم ضبط مكتبة الكونجرس
رقم ضبط مكتبة الكونجرس 00038505
020 ## - الرقم الدولى المعيارى للكتب
الرقم الدولى المعيارى للكتاب 0130104922
020 ## - الرقم الدولى المعيارى للكتب
الرقم الدولى المعيارى للكتاب 9780130104922
035 ## - رقم ضبط النظام
رقم ضبط النظام (DNLM)100941291
040 ## - مصدر الفهرسة
وكالة الفهرسة الأصلية DNLM/DLC
وكالة النسخ DLC
وكالة التعديل DLC
042 ## - رمز التحقق
رمز التحقق pcc
050 00 - رقم طلب مكتبة الكونجرس
رقم التصنيف R856
رقم المادة .C33 2000
060 10 - رقم الطلب بالمكتبة الطبية الوطنية
رقم التصنيف WB 26
رقم المادة C311i 2000
082 00 - رقم تصنيف ديوى العشرى
رقم التصنيف 610.28
رقم الطبعة 21
رقم المادة CJI
100 1# - المدخل الرئيسى - إسم شخصى
الإسم الشخصى Carr, Joseph J.
9 (RLIN) 38689
245 10 - بيان العنوان
العنوان Introduction to biomedical equipment technology /
بيان المسئوليه,etc Joseph J. Carr, John M. Brown.
250 ## - بيان الطبعة
بيان الطبعة 4th ed.
260 ## - PUBLICATION, DISTRIBUTION, ETC. (IMPRINT)
مكان الناشر او الموزع Upper Saddle River, N.J. :
اسم الناشر او الموزع Prentice Hall,
تاريخ النشر أو التوزيع c2001.
300 ## - الوصف المادى
التعداد xv, 743 p. :
تفاصيل ماديه اخرى للوعاء ill. ;
أبعاد الوعاء 25 cm.
504 ## - تبصرة ببليوجرافية
تبصرة ببليوجرافية,الخ Includes bibliographical references and index.
650 #0 - المدخل الاضافى بالموضوع-مصطلح موضوعى
مصطلح موضوعي أو اسم جغرافي كعنصر مدخل Medical instruments and apparatus.
9 (RLIN) 47489
650 12 - المدخل الاضافى بالموضوع-مصطلح موضوعى
مصطلح موضوعي أو اسم جغرافي كعنصر مدخل Equipment and Supplies.
9 (RLIN) 47490
650 22 - المدخل الاضافى بالموضوع-مصطلح موضوعى
مصطلح موضوعي أو اسم جغرافي كعنصر مدخل Biomedical Engineering
التقسيم الفرعي العام instrumentation.
9 (RLIN) 13511
650 22 - المدخل الاضافى بالموضوع-مصطلح موضوعى
مصطلح موضوعي أو اسم جغرافي كعنصر مدخل Electronics, Medical
التقسيم الفرعي العام instrumentation.
9 (RLIN) 13512
700 1# - المدخل الاضافى - اسم شخصى
الإسم الشخصى Brown, John M.
الشكل الأكمل للاسم (John Michael),
التواريخ المصاحبة للاسم 1944-
9 (RLIN) 38690
906 ## - عنصر بيانات محلى F, LDF (RLIN)
a 7
b cbc
c orignew
d 1
e ocip
f 20
g y-gencatlg
942 ## - عناصر المدخل الإضافي( كوها)
مصدر التصنيف او مخطط الترفيف Dewey Decimal Classification
Koha [default] item type كتاب
المقتنيات
حالة الفقد نموذج السعر الفعال حالة تلف ليس للاعارة رقم الطلب تاريخ الاكتساب الموقع الحالي الباركود الفرع الرئيسي Date last seen نوع المادة فى نظام كوها مصدر التصنيف او خطة الترفيف Total Checkouts
  2013-10-30     610.28 CJI 2013-10-30 المكتبة المركزية بالمجمعة (CL) 00402952 المكتبة المركزية بالمجمعة (CL) 2013-10-30 كتاب Dewey Decimal Classification  
  2013-10-30     610.28 CJI 2013-10-30 المكتبة المركزية بالمجمعة (CL) 00402953 المكتبة المركزية بالمجمعة (CL) 2013-10-30 كتاب Dewey Decimal Classification  
  2013-10-30     610.28 CJI 2013-10-30 المكتبة المركزية بالمجمعة (CL) 00402954 المكتبة المركزية بالمجمعة (CL) 2013-10-30 كتاب Dewey Decimal Classification  
  2013-10-30     610.28 CJI 2013-10-30 مكتبة كلية العلوم الطبية التطبيقية بالمجمعة - طالبات (AMF) 00402955 مكتبة كلية العلوم الطبية التطبيقية بالمجمعة - طالبات (AMF) 2013-10-30 كتاب Dewey Decimal Classification  
  2013-10-30     610.28 CJI 2013-10-30 مكتبة كلية العلوم الطبية التطبيقية بالمجمعة - طالبات (AMF) 00402956 مكتبة كلية العلوم الطبية التطبيقية بالمجمعة - طالبات (AMF) 2013-10-30 كتاب Dewey Decimal Classification  
  2013-10-30     610.28 CJI 2013-10-30 مكتبة كلية العلوم الطبية التطبيقية بالمجمعة - طالبات (AMF) 00402957 مكتبة كلية العلوم الطبية التطبيقية بالمجمعة - طالبات (AMF) 2013-10-30 كتاب Dewey Decimal Classification  
  2015-02-15     610.28 CJI 2015-02-15 مكتبة مجمع الكليات بالزلفى - طلاب (SZM) 00136712 مكتبة مجمع الكليات بالزلفى - طلاب (SZM) 2015-02-15 كتاب Dewey Decimal Classification  
  2015-02-15     610.28 CJI 2015-02-15 مكتبة مجمع الكليات بالزلفى - طلاب (SZM) 00136713 مكتبة مجمع الكليات بالزلفى - طلاب (SZM) 2015-02-15 كتاب Dewey Decimal Classification